000 00454nam a2200205Ia 4500
001 12854
003 GE_BSU
008 181216s||||||||xx |||||||||||||| ||und||
020 _a0552136867
040 _cGE_BSU
080 _a821.111-32
100 _aGower,Iris.
245 _aShe Shoemaker's Daughter.
260 _aLondon.
260 _bCorgi Books.
260 _c1991
300 _a477p;18cm.
653 _aShe Shoemaker's Daughter.
942 _cBK
999 _c46024
_d46024